| 000 | 00719nam a2200217 a 4500 | ||
|---|---|---|---|
| 999 |
_c3824 _d3824 |
||
| 001 | 3824 | ||
| 003 | BD-JhCC | ||
| 005 | 20181002172336.0 | ||
| 008 | 171118s2011 b ||||| |||| 00| 0 b d | ||
| 020 | _a9847015602048 | ||
| 035 | _a(BD-JhCC) | ||
| 040 |
_aBD-JhCC _dBD-JhCC |
||
| 041 | _aben | ||
| 082 |
_a891.4409 _bMOU 2011 |
||
| 100 | _aসম্পাদিত, মওদুদ, বেবী | ||
| 245 |
_aরোকেয়া : _bচিরন্তনী প্রতিকৃতি / _cবেবী মওদুদ সম্পাদিত |
||
| 260 |
_aঢাকা : _bমাওলা ব্রাদাস, _c২০১১ |
||
| 300 |
_a207 p. : _c22cm. |
||
| 650 | _aCollection of Essays | ||
| 942 |
_2ddc _cBK |
||